01611nam a2200349 i 450000100060000000300090000600500170001500700030003200800410003510000290007624500780010526000470018330000350023050504470026570000350071270000320074770000340077970000310081370000500084474000220089474000260091674000210094274000200096374000140098374000330099774000200103074000210105074000150107185200340108699900170112095201240113736116ES-MaACL20230906155314.0t|030217s1960 sp ||||1| spa d1 aBromfield, Louis.93188510aObras completas / cLouis Bromfield ; prólogo de Salvador Bordoy Luque. aMadrid : bAguilar Sánchez Beal, c1960. a3 v. : bretr. aut. ; c22 cm.8 aContiene: V. I: El río salvaje / traducción de Santiago Valdanzo. -- V. II: Vinieron las lluvias / traducción de Juan García Puente. Noche en Bombay / traducción de Santiago Valdanzo. Miss Parkington / traducción de Antonio Valencia. La selva / traducción de Mª Virginia Martínez Abaría. -- V. III: El árbol de Bahía Verde / traducción del inglés por Juan García Puente. Otoño Precoz. Una buena mujer. La granja1 aBordoy Luque, Salvador.9304241 aValdanzo, Santiago.91124781 aGarcía-Puente, Juan.9551391 aValencia, Antonio.91125631 aMartínez Abaría, María Virginia.9778163 aEl río salvaje.0 aVinieron las lluvias.0 aNoche en Bombay.0 aMis Parkington.3 aLa selva.3 aEl árbol de Bahía Verde.0 aOtoño precoz.4 aUna buena mujer.3 aLa granja. aES-MaACLjE-5104-06 bR.46426 c36116d36116 00104070aATENEOMbATENEOMcDEPO2d2008-01-17eSCl0oE-5104-06p1037904r2023-02-23 00:00:00w2023-02-23yMONOGRAFIA